The good, the bad, and a few ugly. Quiz Stats

 Plays Quiz not verified by Sporcle

Also try: Click a John II
Challenge
Share
Tweet
Embed
Score 0/29 Timer 10:00
0 Plays Today
Hint Answer % Correct
Little Red Riding Hood's foeThe Big Bad Wolf
85.4%
A beautiful swan, onceThe Ugly Duckling
81.7%
'Cops' theme songBad Boys
80.9%
A.M. show on ABCGood Morning America
75.4%
Blimp companyGoodyear
71.7%
America Ferrera's showUgly Betty
65.6%
De Niro's Mafia movieGoodfellas
64.5%
Williams/Damon flickGood Will Hunting
58.7%
Dan on 'Roseanne'John Goodman
58.1%
'Show me the money!' actorCuba Gooding Jr.
57.7%
Song by Lady GagaBad Romance
55.7%
Beach Boys #1 hit songGood Vibrations
51.5%
'The baddest man in the whole damn town.'Bad, Bad Leroy Brown
48.7%
'______ ______! Charlie Brown'Good grief
48.2%
Katherine Heigl/Gerard Butler romantic comedyThe Ugly Truth
48%
Hint Answer % Correct
Movie about misfit ballplayersThe Bad News Bears
47.3%
Hershey's chocolate and peanut candyMr. Goodbar
43.8%
'Dy-no-mite' TV showGood Times
43.2%
Daniel Powter's one-hit wonderBad Day
43.2%
Pink and white candyGood 'n Plenty
39%
Creedence Clearwater Revival singleBad Moon Rising
35.8%
'Seal of Approval' magazineGood Housekeeping
35.7%
'Feel Like Makin' Love' groupBad Company
32.2%
Song by Little Richard about a ladyGood Golly, Miss Molly
27.4%
'He's very naughty...and not very nice.'Bad Santa
23.8%
'It' don't spoil the whole bunch, girlOne Bad Apple
22.8%
Springsteen song or U.S. National ParkBadlands
21.4%
Movie about a real saloonCoyote Ugly
21%
Album by LaToya Jackson Bad Girl
13%

You're not logged in!

Compare scores with friends on all Sporcle quizzes.
Join for Free
OR
Log In

You Might Also Like...

Show Comments

Extras

Created Mar 21, 2010ReportNominate
Tags:few, ugly

Top Quizzes Today


Score Distribution

Your Account Isn't Verified!

In order to create a playlist on Sporcle, you need to verify the email address you used during registration. Go to your Sporcle Settings to finish the process.

Report this User

Report this user for behavior that violates our Community Guidelines.

Details: